Country trivia quiz - Statistics

General Stats
  • This quiz has been taken 21 times
  • The average score is 10 of 15
Answer Stats
Question Answer % Correct
In how many countries does the Nile pass through? 11
100%
What is the largest country in Africa? Algeria
100%
Which country has the most lakes? Canada
100%
Which is the cleanest country in the world? Denmark
100%
Which country has a unicorn as its national animal? Scotland
100%
Which country is the largest cheese producer in the world? USA
100%
Which country has the most rivers? Bangladesh
50%
Which country has the largest population? China
50%
Which country is the largest consumer of beer (per capita)? Czech Republic
50%
In which country is the river Yamuna located? India
50%
Mount Everest is located at the border between which two countries? Nepal & China
50%
What African country has the largest population? Nigeria
50%
Which country is also known as "the land of the midnight sun"? Norway
50%
Which country has the most islands? Sweden
50%
Which country has the most islands? Sudan
0%
No matching quizzes found
Score Distribution
Percent of People with Each Score
Percentile by Number Answered
Your Score History
You have not taken this quiz